| 000 | 01014nam a22002657a 4500 | ||
|---|---|---|---|
| 005 | 20240530110441.0 | ||
| 008 | 150420s2012 ua ad g b 000 0 ara d | ||
| 017 |
_a2011/20523 _bمصر . دار الكتب المصرية |
||
| 020 | _a9772328526 | ||
| 040 | _aEG-CaGPL | ||
| 082 | 0 | 4 |
_221 _a371.144\ _bم م |
| 100 | 0 | _aمحمد رجب فضلال الله | |
| 245 | 1 | 0 |
_aمعلم المعلم : _bاداؤه التدريس ورضاؤه الوظيفى وتميزه الجامعى / _cاعداد محمد رجب فضلال الله |
| 250 | _aط1 | ||
| 260 |
_aالقاهرة : _bعالم الكتب ، _c2012. |
||
| 300 |
_a128 ص : _bجداول ؛ _c24 سم. |
||
| 504 | _aيشتمل على ارجاعات ببليوجرافية | ||
| 650 | 0 | 4 | _aالتدريس |
| 650 | 0 | 4 |
_aالمدرسون _xتدريب |
| 650 | 0 | 4 | _aطرق التدريس |
| 650 | 0 | 4 |
_aالمدرسون _xتقييم |
| 650 | 0 | 4 |
_aالمدرسون _xشهادرات |
| 942 |
_2ddc _cBK |
||
| 999 |
_c61043 _d61043 |
||